00330nam a22001337a 450000500170000000800410001704100080005808200080006610000130007424500620008726000300014930000090017965000080018820200524105447.0200524b xxu||||| |||| 00| 0 eng d aeng a340 aBARE ACT aTHE TRANSPLANTATION OF HUMAN ORGANS AND TISSUES ACT, 1994 aDELHIbPROFESSIONALS BOOK a67,p aLAW